Normal view
MARC view
Entry Personal Name
001 - CONTROL NUMBER
- control field: 13801
003 - CONTROL NUMBER IDENTIFIER
- control field: OSt
005 - DATE AND TIME OF LATEST TRANSACTION
- control field: 20191125171446.0
008 - FIXED-LENGTH DATA ELEMENTS
- fixed length control field: 191125|| aca||aabn | a|a d
040 ## - CATALOGING SOURCE
- Original cataloging agency: OSt
- Transcribing agency: OSt
100 ## - HEADING--PERSONAL NAME
- Personal name: Pushpa and Agrawal,Narendra kumar
670 ## - SOURCE DATA FOUND
- Source citation: Work cat.: (OSt)503910: Pushpa and Agrawal,Narendra kumar, Mita: lifestyle agenda, 2007
